000 00332nam a2200133Ia 4500
008 240624s9999 xx 000 0 und d
041 _aeng
082 _a651.3 TAP
100 _aTAPPING DON
245 _aVALUE STREAM MANAGEMENT FOR THE LEAN OFFICE
260 _c2003
_bProductivity Press
300 _a176 : p.
365 _cBPS
_b30
999 _c14372
_d14372